| 000 | 00821cam a22002773a 4500 | ||
|---|---|---|---|
| 001 | 1951 | ||
| 003 | PGUSA | ||
| 005 | 20140828083008.0 | ||
| 008 | 060219s2006||||xxu|||||s|||||000 1 eng d | ||
| 040 |
_aPGUSA _beng |
||
| 042 | _adc | ||
| 050 | 4 | _aPR | |
| 100 | 1 |
_aLytton, Edward Bulwer Lytton, Baron, _d1803-1873 |
|
| 245 | 1 | 4 |
_aThe Coming Race _h[electronic resource] / _cEdward Bulwer Lytton, Baron Lytton |
| 260 |
_bProject Gutenberg, _c2006 |
||
| 506 | _aPublic domain in the USA. | ||
| 516 | _aElectronic text | ||
| 653 | _aUtopias -- Fiction | ||
| 653 | _aCivilization, Subterranean -- Fiction | ||
| 653 | _aScience fiction | ||
| 653 | _aUtopian fiction | ||
| 653 | _aUnderground areas -- Fiction | ||
| 830 | 0 |
_aProject Gutenberg _v1951 |
|
| 856 | 4 | 0 | _uhttp://www.gutenberg.org/ebooks/1951 |
| 942 | _cEB | ||
| 999 |
_c231293 _d231293 |
||